| 000 | 00763nac a22001931u 4500 | ||
|---|---|---|---|
| 008 | 111222s2001 nju||||| |||| 001 0 eng d | ||
| 010 | _a 00051666 | ||
| 020 | _a0130313580 | ||
| 082 | 0 | 0 |
_a005.43 _bTAN _222 |
| 100 |
_aTanenbaum, Andrew S., _928223 |
||
| 245 | 1 | 0 |
_aModern operating systems / _cAndrew S. Tanenbaum. |
| 250 | _a2nd ed. | ||
| 260 |
_aUpper Saddle River, N.J. : _bPrentice Hall,c2001. _cc2001. |
||
| 300 |
_axxiv, 951 p. : _bill. ; _c25 cm. |
||
| 504 | _aIncludes bibliographical references (p. 901-934) and index. | ||
| 650 | 0 |
_aOperating systems (Computers) _928224 |
|
| 942 |
_cTB _k005.43T1641 _2ddc |
||
| 999 |
_c5074 _d5074 |
||